000 00383 a2200157 4500
001 75000
020 _a9788508146840
040 _cAnchieta - Colégio São Paulo
100 _aDante, Luiz Roberto
240 1 0 _aProjeto Ápis: Matemática, 2º ano
_lpor
245 1 0 _aProjeto Ápis: Matemática, 2º ano
300 _a280
362 0 _a2012
650 4 _aMatemática
942 _cBK
999 _c75000
_d75000